Landlocked countries in southern hemisphere - Statistics

General Stats
  • This quiz has been taken 104 times
    60 since last reset
  • The average score is 10 of 10
Answer Stats
Hint Answer % Correct
South America Bolivia
100%
Africa Botswana
100%
Africa Lesotho
100%
South America Paraguay
100%
Africa Eswatini
98%
Africa Zimbabwe
98%
Africa Rwanda
96%
Africa Zambia
96%
Africa Burundi
94%
Africa Malawi
92%
No matching quizzes found
Score Distribution
Percent of People with Each Score
Percentile by Number Answered
Your Score History
You have not taken this quiz since the last reset